| Record ID | ia:tenplusonenovelo0000mcba |
| Source | Internet Archive |
| Download MARC XML | https://archive.org/download/tenplusonenovelo0000mcba/tenplusonenovelo0000mcba_marc.xml |
| Download MARC binary | https://www.archive.org/download/tenplusonenovelo0000mcba/tenplusonenovelo0000mcba_meta.mrc |
LEADER: 00610cam a22002058a 4500
001 8e2f58b41ae34e848f8854a1d49d9b4c
003 UK-BiTAL
005 20050705174806.0
008 931018r19931964enk 000 ||eng|d
015 $aGB93X4121$2bnb
020 $a0340593369
035 $a()0340593369
040 $aUkLJWS$cUkLJWS$dUK-BiTAL
082 04 $a813.54$220
100 1 $aMcBain, Ed,$d1926-
245 10 $aTen plus one :$ba novel of the 87th Precinct /$cEd McBain.
260 $aLondon :$bCoronet Books,$c1993.
300 $a214p. ;$c18 cm.
440 0 $a87th Precinct ;$v17
500 $aFirst published,Hamish Hamilton, 1964.